000 00462nam a22001577a 4500
999 _c2945
_d2945
008 200318b ||||| |||| 00| 0 eng d
041 0 _aeng
082 0 0 _a551.51
_bS9417
100 _92542
_aSubramaniam, H.
245 1 0 _aShip Weather Code 1982 : Supplement to Marine meteorology /
_cby H. Subramaniam
260 _aMumbai:
_bVijaya Publications,
_c2008.
300 _a48 p.
440 _aSupplement to Marine Meteorology
650 0 _aWeather Codes
942 _cBK